000 00405nam a2200145Ia 4500
005 20250729165735.0
008 250729s2013 xx 000 0 und d
041 _aeng
082 _a371.333 VANE
100 _aDr.Vanaja M
_9231841
245 _aEducational Technology and Computer Education
260 _aNew Delhi
_bNeelkamal Publication
_c2013
300 _a426p
650 _aComputer Education
_9231842
999 _c239483
_d239483